Perfect phrases for school administrators : (Record no. 1019)
[ view plain ]
| 000 -LEADER | |
|---|---|
| fixed length control field | 00641nam a22001817a 4500 |
| 008 - FIXED-LENGTH DATA ELEMENTS--GENERAL INFORMATION | |
| fixed length control field | 150609b xxu||||| |||| 00| 0 eng d |
| 020 ## - INTERNATIONAL STANDARD BOOK NUMBER | |
| International Standard Book Number | 9780071632058 |
| 041 0# - LANGUAGE CODE | |
| Language code of text/sound track or separate title | eng |
| 080 ## - UNIVERSAL DECIMAL CLASSIFICATION NUMBER | |
| Universal Decimal Classification number | 82.015 |
| 100 1# - Rafti | |
| Rafti | Wilson, Christine Canning. |
| 245 10 - TITLE STATEMENT | |
| Title | Perfect phrases for school administrators : |
| Statement of responsibility, etc | Christine Canning Wilson. |
| 260 ## - | |
| -- | Chicago : |
| -- | McGraw-Hill, |
| -- | c2010. |
| 300 ## - | |
| -- | xv, 188 p. ; |
| -- | 21 cm. |
| 650 #0 - | |
| -- | Edukata në komunikim |
| 650 #0 - | |
| -- | Shkolla |
| 700 1# - | |
| -- | Wilson, Christine Canning. |
| 942 ## - ADDED ENTRY ELEMENTS (KOHA) | |
| Source of classification or shelving scheme | |
| Item type | Books |
| Withdrawn status | Lost status | Source of classification or shelving scheme | Damaged status | Not for loan | Collection code | Permanent location | Current location | Shelving location | Date acquired | Total Checkouts | Full call number | Date last seen | Price effective from | Koha item type | Barcode |
|---|---|---|---|---|---|---|---|---|---|---|---|---|---|---|---|
| Koleksioni i përgjithshem | UBT - Lipjan | UBT - Lipjan | Koleksioni i përgjithshem | 06/09/2015 | 82.015 WIL | 06/09/2015 | 06/09/2015 | Books | |||||||
| Koleksioni i përgjithshem | UBT - Lipjan | UBT - Lipjan | Koleksioni i përgjithshem | 08/28/2017 | 070 WIL | 08/28/2017 | 08/28/2017 | Books | 002-2919108 | ||||||
| Koleksioni i përgjithshem | UBT - Lipjan | UBT - Lipjan | Koleksioni i përgjithshem | 09/29/2017 | 37 WIL | 09/29/2017 | 09/29/2017 | Books | 002-2921924 | ||||||
| Koleksioni i përgjithshem | UBT - Lipjan | UBT - Lipjan | Koleksioni i përgjithshem | 37 WIL | 09/29/2017 | 09/29/2017 | Books | 002-2921975 |